000 00549cam a2200181ua 4500
001 683
008 110412n ii |||gr||||Z||||||eng
040 _cMAIN
082 _a352.054
245 1 _aFoundations of local self-government in India, Pakistan and Burma
_cby Hugh Tinker
250 _a1st.
260 _aCalcutta:
_bLalvani publishing house,967.
300 _axvi, 376.:
_c25cm.
653 _aPolitical science
653 _aFoundations of local self- government in India, pakistan and Burma
700 _aTinker, Hugh.,
_eAuthor.
942 _cBK
999 _c611
_d611